<?xml version="1.0" encoding="UTF-8"?>
<record
    xmlns:xsi="http://www.w3.org/2001/XMLSchema-instance"
    xsi:schemaLocation="http://www.loc.gov/MARC21/slim http://www.loc.gov/standards/marcxml/schema/MARC21slim.xsd"
    xmlns="http://www.loc.gov/MARC21/slim">

  <leader>00416nam a2200157   4500</leader>
  <controlfield tag="008">191022s2018||||xo                      d</controlfield>
  <datafield tag="100" ind1="1" ind2=" ">
    <subfield code="a">Paul&#xED;&#x161;inov&#xE1; Katar&#xED;na</subfield>
    <subfield code="9">1389</subfield>
  </datafield>
  <datafield tag="700" ind1="1" ind2=" ">
    <subfield code="a">Kov&#xE1;cov&#xE1; Andrea</subfield>
    <subfield code="9">1390</subfield>
  </datafield>
  <datafield tag="245" ind1="1" ind2="0">
    <subfield code="a">Zdrav&#xE9; dom&#xE1;ce sladkosti</subfield>
  </datafield>
  <datafield tag="250" ind1=" " ind2=" ">
    <subfield code="a">1.vydanie</subfield>
  </datafield>
  <datafield tag="260" ind1=" " ind2=" ">
    <subfield code="b">Co dok&#xE1;&#x17E;e mama</subfield>
    <subfield code="a">Bratislava</subfield>
    <subfield code="c">2018</subfield>
  </datafield>
  <datafield tag="300" ind1=" " ind2=" ">
    <subfield code="a">196s.</subfield>
  </datafield>
  <datafield tag="020" ind1=" " ind2=" ">
    <subfield code="a">9788097243036</subfield>
    <subfield code="c">15,71</subfield>
  </datafield>
  <datafield tag="041" ind1="1" ind2=" ">
    <subfield code="a">slo</subfield>
  </datafield>
  <datafield tag="044" ind1=" " ind2=" ">
    <subfield code="a">xo</subfield>
    <subfield code="c">SK</subfield>
  </datafield>
  <datafield tag="999" ind1=" " ind2=" ">
    <subfield code="c">22751</subfield>
    <subfield code="d">22751</subfield>
  </datafield>
  <datafield tag="952" ind1=" " ind2=" ">
    <subfield code="0">0</subfield>
    <subfield code="1">0</subfield>
    <subfield code="4">0</subfield>
    <subfield code="7">0</subfield>
    <subfield code="8">K</subfield>
    <subfield code="a">10000</subfield>
    <subfield code="b">10000</subfield>
    <subfield code="d">2019-10-22</subfield>
    <subfield code="g">15.71</subfield>
    <subfield code="i">21087</subfield>
    <subfield code="o">I1805</subfield>
    <subfield code="r">2019-12-12</subfield>
    <subfield code="w">2019-12-12</subfield>
    <subfield code="y">OLDO</subfield>
  </datafield>
</record>
